Online
Catalog

Carnaval en la Arenosa / (Record no. 11647)

MARC details
000 -CABECERA
campo de control de longitud fija 01356cam a2200337 a 4500
001 - NÚMERO DE CONTROL
campo de control 000011978
003 - IDENTIFICADOR DEL NÚMERO DE CONTROL
campo de control DO-SdBNP
005 - FECHA Y HORA DE LA ÚLTIMA TRANSACCIÓN
campo de control 20210720124718.0
008 - DATOS DE LONGITUD FIJA--INFORMACIÓN GENERAL
campo de control de longitud fija 000609s1999 ck a b 000 0 spa
020 ## - NÚMERO INTERNACIONAL ESTÁNDAR DEL LIBRO
Número Internacional Estándar del Libro 9589555888
040 ## - FUENTE DE LA CATALOGACIÓN
Centro catalogador/agencia de origen DO-SdBNP
Lengua de catalogación spa
Centro/agencia transcriptor BNPHU
Centro/agencia modificador BNPHU
082 ## - NÚMERO DE LA CLASIFICACIÓN DECIMAL DEWEY
Número de clasificación 394.25
Número de documento/Ítem C288
245 00 - MENCIÓN DE TÍTULO
Título Carnaval en la Arenosa /
Mención de responsabilidad, etc. compilador Laurian Puerta ... [et al.].
260 ## - PUBLICACIÓN, DISTRIBUCIÓN, ETC.
Lugar de publicación, distribución, etc. Barranquilla :
Nombre del editor, distribuidor, etc. Fondo de Publicaciones de la Universidad del Atlántico,
Fecha de publicación, distribución, etc. 1999.
300 ## - DESCRIPCIÓN FÍSICA
Extensión 116 p. :
Otras características físicas il. ;
Dimensiones 24 cm.
490 1# - MENCIÓN DE SERIE
Mención de serie Ciencias Sociales y Económicas Rodrigo Noguera Barreneche
500 ## - NOTA GENERAL
Nota general Incluye referencias bibliográficas y notas al pie de las páginas
650 #4 - PUNTO DE ACCESO ADICIONAL DE MATERIA--TÉRMINO DE MATERIA
Término de materia o nombre geográfico como elemento de entrada Carnavall
Subdivisión geográfica Colombia
-- Barranquilla.
9 (RLIN) 28310
651 #4 - PUNTO DE ACCESO ADICIONAL DE MATERIA--NOMBRE GEOGRÁFICO
Nombre geográfico Barranquilla (Colombia)
Subdivisión general Vida social y costumbres
9 (RLIN) 28311
700 1# - PUNTO DE ACCESO ADICIONAL--NOMBRE DE PERSONA
Nombre de persona Puerta, Laurian,
Término indicativo de función/relación comp.
9 (RLIN) 28312
700 1# - PUNTO DE ACCESO ADICIONAL--NOMBRE DE PERSONA
Nombre de persona Espriella, Alfredo de la,
Término indicativo de función/relación comp.
9 (RLIN) 28313
700 1# - PUNTO DE ACCESO ADICIONAL--NOMBRE DE PERSONA
Nombre de persona Rey Sinning, Édgar,
Término indicativo de función/relación comp.
9 (RLIN) 28314
700 1# - PUNTO DE ACCESO ADICIONAL--NOMBRE DE PERSONA
Nombre de persona Soto Mazenett, Rafael,
Término indicativo de función/relación comp.
9 (RLIN) 28315
700 1# - PUNTO DE ACCESO ADICIONAL--NOMBRE DE PERSONA
Nombre de persona Orozco Cantillo, Martín,
Término indicativo de función/relación comp.
9 (RLIN) 28298
700 1# - PUNTO DE ACCESO ADICIONAL--NOMBRE DE PERSONA
Nombre de persona Conde C., Jorge,
Término indicativo de función/relación comp.
9 (RLIN) 28316
700 1# - PUNTO DE ACCESO ADICIONAL--NOMBRE DE PERSONA
Nombre de persona Alarcón, Luis Alfonso,
Término indicativo de función/relación comp.
9 (RLIN) 28317
700 1# - PUNTO DE ACCESO ADICIONAL--NOMBRE DE PERSONA
Nombre de persona Bassi, Rafael,
Término indicativo de función/relación comp.
9 (RLIN) 28318
700 1# - PUNTO DE ACCESO ADICIONAL--NOMBRE DE PERSONA
Nombre de persona Solano Alonso, Jairo,
Término indicativo de función/relación comp.
9 (RLIN) 28319
830 #0 - PUNTO DE ACCESO ADICIONAL DE SERIE-TÍTULO UNIFORME
Título uniforme Ciencias Sociales y Económicas Rodrigo Noguera Barreneche
9 (RLIN) 28320
942 ## - ELEMENTOS DE PUNTO DE ACCESO ADICIONAL (KOHA)
Fuente del sistema de clasificación o colocación Dewey Decimal Classification
Tipo de ítem Koha Libro
Holdings
Estado de retiro Estado de pérdida Restricciones de uso No para préstamo Código de colección Localización permanente Ubicación/localización actual Ubicación en estantería Fecha de adquisición Número de inventario Total de préstamos Signatura topográfica completa Código de barras Fecha visto por última vez Precio válido a partir de Tipo de ítem Koha
      Excluido de préstamo Monografías: Libros y Folletos General General Depósito 02.11.2009 LF1   394.25 C288 11978-10 25.06.2020 25.06.2020 No se presta
        Monografías: Libros y Folletos General General Orden iniciada 29.05.2017 LF1   394.25 C288 11978-20 25.06.2020 25.06.2020 No se presta

Powered by Koha